Tiled floors with underfloor heating (Record no. 115458)

MARC details
000 -LEADER
fixed length control field 01263cam a22003135a 4500
001 - CONTROL NUMBER
control field L158689
008 - FIXED-LENGTH DATA ELEMENTS--GENERAL INFORMATION
fixed length control field 081110s2015 xxka f 000 0 eng u
020 ## - INTERNATIONAL STANDARD BOOK NUMBER
International Standard Book Number 9781848064225
035 ## - SYSTEM CONTROL NUMBER
System control number (Sirsi) u158689
041 0# - LANGUAGE CODE
Language code of text/sound track or separate title eng
050 04 - LIBRARY OF CONGRESS CALL NUMBER
Classification number 690 $2 18
100 1# - MAIN ENTRY--PERSONAL NAME
Personal name Pool, Rupert
110 2# - MAIN ENTRY--CORPORATE NAME
Corporate name or jurisdiction name as entry element Building Research Establishment
245 ## - TITLE STATEMENT
Title Tiled floors with underfloor heating
Remainder of title A guide to minimising and repairing cracking
260 ## - PUBLICATION, DISTRIBUTION, ETC.
Place of publication, distribution, etc. Watford
Name of publisher, distributor, etc. IHS BRE
Date of publication, distribution, etc. 2015
300 ## - PHYSICAL DESCRIPTION
Extent 8p.
Other physical details ill.
Dimensions 30cm.
490 #0 - SERIES STATEMENT
Series statement BRE Information Paper
Volume/sequential designation IP 6/15
520 ## - SUMMARY, ETC.
Summary, etc. Sets out BRE's experience of screeds that contain warm-water underfloor heating systems and describes how the risk of cracking can be minimised and how repairs can be undertaken. Electric 'undertile' heating and proprietary 'thin-screed' underfloor heating systems are not dealt with in this publication.
521 ## - TARGET AUDIENCE NOTE
Target audience note Advanced
590 ## - LOCAL NOTE (RLIN)
Local note KA
650 24 - SUBJECT ADDED ENTRY--TOPICAL TERM
Topical term or geographic name entry element TILES
650 24 - SUBJECT ADDED ENTRY--TOPICAL TERM
Topical term or geographic name entry element HEATING SYSTEMS
650 24 - SUBJECT ADDED ENTRY--TOPICAL TERM
Topical term or geographic name entry element CRACKING
651 #4 - SUBJECT ADDED ENTRY--GEOGRAPHIC NAME
Geographic name United Kingdom
Chronological subdivision
690 ## - LOCAL SUBJECT ADDED ENTRY--TOPICAL TERM (OCLC, RLIN)
Topical term or geographic name as entry element Building materials and defects
700 1# - ADDED ENTRY--PERSONAL NAME
Personal name Yates, Anthony
856 48 - ELECTRONIC LOCATION AND ACCESS
Uniform Resource Identifier <a href="https://rics.org/globalassets/rics-website/media/footer/library-document-delivery-form-rics.pdfz">https://rics.org/globalassets/rics-website/media/footer/library-document-delivery-form-rics.pdfz</a>
-- his document can be viewed in the library.
942 ## - ADDED ENTRY ELEMENTS (KOHA)
Suppress in OPAC 0
Holdings
Withdrawn status Lost status Source of classification or shelving scheme Damaged status Not for loan Home library Current library Shelving location Date acquired Total Checkouts Full call number Barcode Date last seen Copy number Price effective from Koha item type
    Dewey Decimal Classification     London London BRE publications 18/06/2015   BRE 30078922 06/08/2019 1 06/08/2019 Book